Vybrané aspekty ekonomického růstu v podmínkách rozvojových zemí
Rozdiely v ekonomickej úrovni rozvinutých trhových ekonomík a rozvojových krajín. Sociálno ekonomická zaostalosť rozvojových krajín - index životnej úrovne (HDI) a jeho ukazovatele. Aspekty ekonomického rastu v rozvojových krajinách. Zdroje a bariéry ekonomického rastu. Rastové teórie. Dosiahnutie v...
Guardado en:
| Autor principal: | |
|---|---|
| Formato: | Capítulo de libro |
| Lenguaje: | eslovaco |
| Materias: | |
| Etiquetas: |
Sin Etiquetas, Sea el primero en etiquetar este registro!
|
MARC
| LEADER | 00000naa$a2200000$$$4500 | ||
|---|---|---|---|
| 001 | 0045238 | ||
| 005 | 20221128095517.6 | ||
| 041 | 0 | |a slo | |
| 044 | |a SK | ||
| 245 | 1 | 0 | |a Vybrané aspekty ekonomického růstu v podmínkách rozvojových zemí |c Josef Suchý |
| 520 | |a Rozdiely v ekonomickej úrovni rozvinutých trhových ekonomík a rozvojových krajín. Sociálno ekonomická zaostalosť rozvojových krajín - index životnej úrovne (HDI) a jeho ukazovatele. Aspekty ekonomického rastu v rozvojových krajinách. Zdroje a bariéry ekonomického rastu. Rastové teórie. Dosiahnutie vysokého tempa ekonomického rastu, zabezpečenie zamestnanosti a rovnomerného rozdeľovania dôchodku je v súčasných podmienkach väčšiny rozvojových krajín nereálne. | ||
| 610 | 2 | 0 | |a krajiny rozvojové |
| 610 | 2 | 0 | |a rast hospodársky |
| 610 | 2 | 0 | |a úroveň životná |
| 610 | 2 | 0 | |a index rozvoja ľudského |
| 610 | 2 | 0 | |a indexy |
| 610 | 2 | 0 | |a zdroje ľudské |
| 610 | 2 | 0 | |a zdroje prírodné |
| 610 | 2 | 0 | |a zdroje materiálové |
| 610 | 2 | 0 | |a technológia |
| 610 | 2 | 0 | |a teórie rastu hospodárskeho |
| 100 | 1 | |a Suchý, Josef | |